| 000 | 00725nam a2200229Ii 4500 | ||
|---|---|---|---|
| 003 | JO-AjNU | ||
| 008 | 230605s9999||||xx |||||||||||||| ||und|| | ||
| 017 | _a2000/3/792 | ||
| 020 | _a9957-11-106-X | ||
| 040 |
_aJO-AjNU _bara _erda _cJO-AjNU |
||
| 041 | _aara | ||
| 050 | 1 | 4 | _aHF5415.13 .D8738.2000 |
| 100 | 3 |
_aالضمور،هاني حامد, _eauthor _933180 |
|
| 245 | 0 | 0 | _aطرق التوزيع |
| 250 | _aط1 | ||
| 264 | 3 | 1 | _aعمان:دار وائل للطباعة والنشر،2000 |
| 300 |
_a265ص _bيحتوي على ببلوغرافية من ص257-265ص |
||
| 336 |
_atext _btxt _2rdacontent |
||
| 337 |
_aunmediated _bn _2rdamedia |
||
| 338 |
_avolume _bnc _2rdacarrier |
||
| 650 | 4 |
_aالتسويق _933181 |
|
| 999 |
_aA13478 _c17046 _d17046 |
||